Les 20 clubs avec le plus de trophées - Statistiques

Statistiques générales
  • Ce quiz a été pris 345 fois
    280 depuis la dernière actualisation
  • Le résultat moyen est 11 sur 20
Statistiques - réponses
Trophées Pays Club % Correct
105 Espagne Real Madrid
97%
99 Espagne FC Barcelone
95%
83 Portugal FC Porto
91%
71 Italie Juventus
84%
70 Angleterre Liverpool
84%
75 Pays-Bas Ajax Amsterdam
83%
69 Angleterre Manchester United
83%
84 Portugal Benfica
82%
82 Allemagne Bayern Munich
78%
113 Écosse Celtic
70%
59 Turquie Galatasaray
66%
116 Écosse Rangers
58%
64 Belgique Anderlecht
48%
61 Argentine Boca Juniors
39%
82 Grèce Olympiakos
39%
121 Égypte AL Ahly
25%
110 Uruguay Atlético Peñarol
10%
117 Uruguay Club Nacional
2%
83 Jordanie AL-Faisaly
1%
117 Irlande du Nord Linfield FC
1%
Aucun quiz correspondant
Distribution des résultats
% des personnes avec chaque résultat
Percentile par nombre de réponses
Votre historique - résultats
Vous n’avez pas pris ce quiz depuis la dernière actualisation